Political Science III (Record no. 274743)

MARC details
000 -LEADER
fixed length control field 00303pam a2200133a 44500
008 - FIXED-LENGTH DATA ELEMENTS--GENERAL INFORMATION
fixed length control field 230405s2023 xxu||||| |||| 00| 0 eng d
041 ## - LANGUAGE CODE
Language code of text/sound track or separate title ENG
100 ## - MAIN ENTRY--PERSONAL NAME
Personal name Amar
245 ## - TITLE STATEMENT
Title Political Science III
250 ## - EDITION STATEMENT
Edition statement 2020 Ed.
260 ## - PUBLICATION, DISTRIBUTION, ETC.
Place of publication, distribution, etc. Pune
Name of publisher, distributor, etc. Amar Law House
Date of publication, distribution, etc. 2023
300 ## - PHYSICAL DESCRIPTION
Extent 1-320Pp.
906 ## - LOCAL DATA ELEMENT F, LDF (RLIN)
a 3769

No items available.